Voces de gesta (Record no. 150179)

MARC details
000 -LEADER
campo de control de longitud fija 01212nam a2200301 4500
001 - NÚMERO DE CONTROL
campo de control 150179
003 - IDENTIFICADOR DE NÚMERO DE CONTROL
campo de control ES-MaACL
005 - FECHA Y HORA DE LA ÚLTIMA TRANSACCIÓN
campo de control 20251114135837.0
007 - CAMPO FIJO DE DESCRIPCIÓN FÍSICA--INFORMACIÓN GENERAL
campo de control de longitud fija t|
008 - DATOS DE LONGITUD FIJA--INFORMACIÓN GENERAL
campo de control de longitud fija 071029s1912 sp |||| | spa d
080 ## - NÚMERO DE LA CLASIFICACIÓN DECIMAL UNIVERSAL
Número de la Clasificación Decimal Universal 821.134.2-23"19"
100 1# - ENTRADA PRINCIPAL--NOMBRE DE PERSONA
Nombre de persona Valle-Inclán, Ramón del,
Fechas asociadas al nombre 1866-1936
9 (RLIN) 112796
245 10 - MENCIÓN DEL TÍTULO
Título Voces de gesta
Resto del título : tragedia pastoril /
Mención de responsabilidad, etc. Ramón del Valle-Inclán.
260 ## - PUBLICACIÓN, DISTRIBUCIÓN, ETC.
Lugar de publicación, distribución, etc. Madrid :
Nombre del editor, distribuidor, etc. [s.n.],
Fecha de publicación, distribución, etc. 1912 (
Fabricante Imprenta Alemana)
300 ## - DESCRIPCIÓN FÍSICA
Extensión 130 p., [1] h., [2] p. :
Otras características físicas il., grab. ;
Dimensiones 22 cm.
596 ## - NOTA AL PIE DE IMPRENTA
NOTA AL PIE DE IMPRENTA En cubierta la fecha que figura es 1911 y en colofón 1912.
597 ## - NOTA DE DESCRIPCIÓN FÍSICA
NOTA DE DESCRIPCIÓN FÍSICA Conserva port. y contrap. originales.
599 ## - NOTA A LAS ILUSTRACIONES
NOTA A LAS ILUSTRACIONES Ilustrado por: Ricardo Baroja, Ángel Vivanco, Rafael Penagos, José Moya, Anselmo de Miguel Nieto, Aurelio Arteta y Julio Romero de Torres, según consta en el colofón.
700 1# - ENTRADA AGREGADA--NOMBRE PERSONAL
Nombre de persona Baroja, Ricardo,
Fechas asociadas al nombre 1871-1953
9 (RLIN) 25759
700 1# - ENTRADA AGREGADA--NOMBRE PERSONAL
Nombre de persona Vivanco, Ángel.
9 (RLIN) 115537
700 1# - ENTRADA AGREGADA--NOMBRE PERSONAL
Nombre de persona Penagos, Rafael de,
Fechas asociadas al nombre 1889-1954
9 (RLIN) 90146
700 1# - ENTRADA AGREGADA--NOMBRE PERSONAL
Nombre de persona Moya, José.
9 (RLIN) 83955
700 1# - ENTRADA AGREGADA--NOMBRE PERSONAL
Nombre de persona Miguel Nieto, Anselmo.
9 (RLIN) 81030
700 1# - ENTRADA AGREGADA--NOMBRE PERSONAL
Nombre de persona Arteta, Aurelio.
9 (RLIN) 23456
700 1# - ENTRADA AGREGADA--NOMBRE PERSONAL
Nombre de persona Romero de Torres, Julio.
9 (RLIN) 99382
852 4# - LOCALIZACIÓN
Ubicación BA
Número de control de estantería Z-102
Encuadernación Olim: B-3066
Holdings
Estatus retirado Estado de pérdida Estado de daño No para préstamo Biblioteca de origen Biblioteca actual Ubicación en estantería Fecha de adquisición Fuente de adquisición Total de préstamos Signatura topográfica completa Código de barras Visto por última vez Precio de reemplazo Tipo de ítem Koha
        Biblioteca del Ateneo de Madrid Biblioteca del Ateneo de Madrid Depósito Z 17/01/2008     Z-102 1156711 23/02/2023 23/02/2023 Libro impreso